00000000nam 2200000za 4500
0019.846157
003CaOODSP
00520221107153131
007cr |||||||||||
008171026s1982    onc    #o    f000 0 eng d
040 |aCaOODSP|beng
043 |an-cn---
0861 |aR5-534/1982E-PDF
1001 |aDavis, Roberta.
24513|aAn evaluation assessment of band training activities |h[electronic resource] / |cproduced by Roberta Davis.
260 |a[Ottawa?] : |bDepartment of Indian Affairs and Northern Development, Indian and Inuit Affairs Program, Program Evaluation Branch, |c1982.
300 |aix, 78 p.
500 |a"January 20, 1982."
500 |aDigitized edition from print [produced by Indigenous and Northern Affairs Canada].
520 |a"The purpose of the study was to conduct an evaluation assessment, as specified by the Office of the Comptroller General guidelines, of the adult training programs of the Indian and Inuit Affairs Program."--Executive Summary, p. ii.
69207|2gccst|aAboriginal programs
69207|2gccst|aTraining
69207|2gccst|aAssessment
7101 |aCanada. |bIndian and Northern Affairs Canada.
7102 |aIndian and Inuit Affairs Program (Canada)
85640|qPDF|s4.18 MB|uhttps://publications.gc.ca/collections/collection_2017/aanc-inac/R5-534-1982-eng.pdf